Представление документа в формате MARC21

ПолеНазваниеЗначение
  Тип записи a
  Библиографический уровень m
001 Контрольный номер RU/URAIT/582886
005 Дата корректировки 20260429163602.4
008 Кодируемые данные 260429s2026 RU y f j 000 0 rus u
020 Индекс ISBN __
a ISBN 978-5-9916-4058-9
c Цена, тираж 1109.00
040 Источник каталогиз. __
a Служба первич. каталог. ИКО Юрайт
c Служба, преобразующая запись ИКО Юрайт
e Правила каталог. RCR
041 Код языка издания __
a Код языка текста rus
044 Код страны публикации __
a Код страны публикации RU
080 Индекс УДК __
a Индекс УДК 54
084 Индекс другой классификации/Индекс ББК __
2 Источник индекса rubbk
a Индекс другой классификации/Индекс ББК 24.1я73
100 Автор __
a Автор Глинка Н. Л.
q Полное имя Глинка Николай Леонидович
245 Заглавие __
a Заглавие Практикум по общей химии
b Продолж. заглавия учебник для вузов
c Ответственность Н. Л. Глинка ; под редакцией В. А. Попкова, А. В. Бабкова, О. В. Нестеровой.
256 Характеристики компьютерного файла __
a Характеристики компьютерного файла Электрон. дан.
260 Выходные данные __
a Место издания Москва
b Издательство Юрайт
c Дата издания 2026
300 Физическое описание __
a Объем 248 с
440 Серия __
a Серия Высшее образование
500 Примечания __
a Примечание URL: https://urait.ru/bcode/582886 (дата обращения: 29.04.2026).
520 Аннотация __
a Аннотация Авторы последних редакций книг, в которых терминология и номенклатура химических соединений скорректированы в соответствии с современным состоянием, решили переработать также практикум к лабораторным занятиям по общей химии Н. Л. Глинки, впервые изданный в 1960 году, создав таким образом полный учебно-методический комплекс, состоящий из учебника, задачника и практикума.
538 Прим. о системных особенностях __
a Прим. о системных особенностях Режим доступа: Электронно-библиотечная система Юрайт, для авториз. пользователей
653 Ключевые слова __
a Ключевые слова Общая химия
653 Ключевые слова __
a Ключевые слова Естественные науки
653 Ключевые слова __
a Ключевые слова Химия
653 Ключевые слова __
a Ключевые слова Общая химия
653 Ключевые слова __
a Ключевые слова Основы химии
653 Ключевые слова __
a Ключевые слова Химия (основы общей и неорганической, аналитическая)
653 Ключевые слова __
a Ключевые слова Химия общая
653 Ключевые слова __
a Ключевые слова Введение в химию
653 Ключевые слова __
a Ключевые слова Основы общей химии
653 Ключевые слова __
a Ключевые слова Введение в общую химию
653 Ключевые слова __
a Ключевые слова Фундаментальное естествознание. Химия
653 Ключевые слова __
a Ключевые слова Естествознание: Химия
653 Ключевые слова __
a Ключевые слова Корректирующий курс по химии
653 Ключевые слова __
a Ключевые слова Химия (углубленный уровень)
700 Другие авторы __
a Другие авторы Попков В. А.
q Полное имя Попков Владимир Андреевич
700 Другие авторы __
a Другие авторы Бабков А. В.
q Полное имя Бабков Александр Васильевич
700 Другие авторы __
a Другие авторы Нестерова О. В.
q Полное имя Нестерова Ольга Владимировна
856 Электронный адрес документа 40
n Местонахождение сервера Юрайт
g Электронная книга
q Тип электронного формата html
h Имя пользователя ЮРАЙТ
v Часы доступа к ресурсу 20271231
2 Способ доступа Показать документ
x Служебное примечание https://urait.ru/book/cover/126D3C77-B6D7-431C-AAF8-CD23D45978EE
u URL https://urait.ru/bcode/582886
856 Электронный адрес документа 48
q Тип электронного формата cover
u URL https://urait.ru/book/cover/126D3C77-B6D7-431C-AAF8-CD23D45978EE
911 __
u 0030=https://urait.ru/bcode/582886
911 __
u 073a=9785991640589
u 073d=1109.00
911 __
u 106a=s
911 __
u 900l=
952 Тип литературы __
i Дисциплина Химия
952 Тип литературы __
i Дисциплина Общая химия
952 Тип литературы __
i Дисциплина Основы химии
952 Тип литературы __
i Дисциплина Химия (основы общей и неорганической, аналитическая)
952 Тип литературы __
i Дисциплина Химия общая
952 Тип литературы __
i Дисциплина Введение в химию
952 Тип литературы __
i Дисциплина Основы общей химии
952 Тип литературы __
i Дисциплина Введение в общую химию
952 Тип литературы __
i Дисциплина Фундаментальное естествознание. Химия
952 Тип литературы __
i Дисциплина Естествознание: Химия
952 Тип литературы __
i Дисциплина Корректирующий курс по химии
952 Тип литературы __
i Дисциплина Химия (углубленный уровень)